Movies Based on a True Story #4 - Statistics

General Stats
  • This quiz has been taken 361 times
  • The average score is 7 of 20
Answer Stats
Year Hint Answer % Correct
1998 Soldiers search for the last survivor of four brothers following D-Day Saving Private Ryan
85%
1960 Escaped gladiator leads slave uprising against the Roman republic Spartacus
63%
2016 Pilot makes an emergency landing on the Hudson River Sully
63%
1960 Troubled man has complex relationship with deceased mother Psycho
61%
2011 Enhanced super soldier fights the Red Skull in Nazi Germany Captain America
58%
2014 Brilliant physicist with motor neuron disease searches for grand unifying theory The Theory of Everything
50%
1979 Jewish messiah? learns to look on the bright side of life Life of Brian
45%
2003 Irish immigrant holds a grudge against Bob the Butcher and his nativists Gangs of New York
37%
2004 1970s newsmen resist sexual integration Anchorman
34%
2016 Religious private wins Congressional Medal of Honor without firing a shot Hacksaw Ridge
34%
2015 Investigative journalists expose Catholic sex abuse scandal Spotlight
33%
2005 No-nonsense coach returns to his Richmond, CA high school to whip the basketball team into shape Coach Carter
32%
1930 Group of German schoolboys learn the hard truth about war All Quiet on the Western Front
28%
2001 Russian and German sharpshooters duel at the Battle of Stalingrad Enemy at the Gates
22%
2014 Wrestler accepts eccentric millionaire's invitation to train at his estate, leading to tragedy Foxcatcher
15%
2007 Girl comes of age during the Iranian revolution then moves to France Persepolis
13%
2007 Man returns to Taleban-controlled Afghanistan to find his friend's son The Kite Runner
12%
2013 Visionary hippy might be a genius or he might just be an asshole Jobs
11%
2007 FBI agents investigate a terrorist attack on a compound in Saudi Arabia The Kingdom
7%
2014 Iranian journalist is interrogated and tortured for 118 days Rosewater
4%
No matching quizzes found
Score Distribution
Percent of People with Each Score
Percentile by Number Answered
Your Score History
You have not taken this quiz